Вып. 7; Советская живопись

Detalles Bibliográficos
Parent link:Советская живопись: сборник/ Редкол.: А. Ю. Никич и др.. Вып. 7.— , 1976-1987
Lenguaje:ruso
Publicado: 1986
Materias:
Formato: Libro
KOHA link:https://koha.lib.tpu.ru/cgi-bin/koha/opac-detail.pl?biblionumber=278811

MARC

LEADER 00000nam2a2200000 4500
001 278811
005 20231101235141.0
020 |a RU  |b 86-40932 
035 |a (RuTPU)RU\TPU\book\302089 
090 |a 278811 
100 |a 20141215d1986 km y0rusy5003 ca 
101 0 |a rus 
102 |a RU 
105 |a a z 001zy 
200 0 |a Вып. 7 
210 |d 1986 
215 |a 311 с.  |c ил. 
320 |a Именной указатель: с. 308-309 
461 1 |0 (RuTPU)RU\TPU\book\286047  |t Советская живопись  |o сборник  |f Редкол.: А. Ю. Никич и др.  |v Вып. 7  |d 1976-1987 
606 1 |a Живопись  |2 stltpush  |3 (RuTPU)RU\TPU\subj\73461  |9 86457 
610 1 |a советская живопись 
610 1 |a история 
610 1 |a художники 
610 1 |a техника 
610 1 |a материалы 
610 1 |a жанры 
610 1 |a творческое наследие 
610 1 |a хроники 
610 1 |a зарубежный опыт 
610 1 |a художественное творчество 
610 1 |a художественные выставки 
675 |a 75  |z rus  |v 4 
801 0 |a RU  |b RuMRKP  |c 19950704  |g psbo 
801 1 |a RU  |b 63413507  |c 20141215 
801 2 |a RU  |b 63413507  |c 20170413  |g RCR 
942 |c BK